UBT Library

La Divina Commedia (Record no. 60761)

000 -LEADER
fixed length control field 00313nam a22001337a 4500
008 - FIXED-LENGTH DATA ELEMENTS--GENERAL INFORMATION
fixed length control field 260210b ||||| |||| 00| 0 eng d
020 ## - INTERNATIONAL STANDARD BOOK NUMBER
International Standard Book Number 9788899358709
041 ## - LANGUAGE CODE
Language code of text/sound track or separate title eng
080 ## - UNIVERSAL DECIMAL CLASSIFICATION NUMBER
Universal Decimal Classification number 12133
100 ## - Rafti
Rafti 20
101 ## - Shkurtesa
Shkurtesa ital
245 ## - TITLE STATEMENT
Title La Divina Commedia
Statement of responsibility, etc Marco Marino , Domenico Palumbo
942 ## - ADDED ENTRY ELEMENTS (KOHA)
Source of classification or shelving scheme
Item type Books
Holdings
Withdrawn status Lost status Source of classification or shelving scheme Damaged status Not for loan Permanent location Current location Date acquired Total Checkouts Barcode Date last seen Price effective from Koha item type
          UBT - Lipjan UBT - Lipjan 02/10/2026   002-800070999451 02/10/2026 02/10/2026 Books
UBT Library © 2015-2024. All rights reserved University Education for Business and Technology